Ends in "-uck" - Statistics

General Stats
  • This quiz has been taken 134 times
  • The average score is 16 of 22
Answer Stats
Hint Answer % Correct
Common waterfowl, including Mallard, Teal, Daffy and Donald varieties Duck
99%
Good fortune, or sometimes bad Luck
97%
Common motor vehicle, including pickup, garbage and dump varieties Truck
97%
A male deer, or, slang for a US dollar Buck
90%
A hard rubber disk used in ice hockey, or, Shakespeare's mischievous fairy Puck
90%
To draw liquids through a drinking straw, or, to be really lousy Suck
87%
To slide your shirttails into your trousers, or, Robin Hood's favorite friar Tuck
86%
Slimy dirt or farmyard filth. Often paired with "mire" Muck
83%
Ben played in thunderstorms. Ben was ______ by lightning. Don't be like Ben Struck
82%
US actor Norris, or, a particular cut of beef, or, to throw something Chuck
81%
What your shoe may become if you step in deep mire Stuck
81%
To remove extraneous hair from one's eyebrows, or, to play certain stringed instruments Pluck
80%
What a chicken might say, or, a clueless person Cluck
79%
Tom Sawyer's friend, Mr. Finn, familiarly Huck
77%
Exclamation of disgust, perhaps from stepping in deep mire Yuck
77%
To remove husks from corn (maize) or oysters from their shells Shuck
70%
Major character in "Moby Dick" or "Battlestar Galactica."No relation to the coffee chain Starbuck
54%
Slang for a Canadian, eh?, or, a Vancouver ice hockey player Canuck
50%
Common Yiddish slang for a clueless person or loser Schmuck
50%
Austrian skiing mecca. Host to two Winter Olympics (1964 & 1976) Innsbruck
38%
Mr. Sears' business partner in a retail chain store and mail order empire Roebuck
32%
Shocked or amazed to the point of speechlessness Dumbstruck
24%
No matching quizzes found
Score Distribution
Percent of People with Each Score
Percentile by Number Answered
Your Score History
You have not taken this quiz